| 000 | 01810nac a22003731u 4500 | ||
|---|---|---|---|
| 010 | _a 2001045295 | ||
| 020 | _a1842770055 (cased) | ||
| 020 | _a1842770063 (limp) | ||
| 082 | 0 | 0 |
_a338.927091724 _bBEN |
| 090 |
_c5337 _d5337 |
||
| 100 | _a20080729 | ||
| 245 | 0 | 0 |
_aThere is an alternative : _bsubsistence and world-wide resistance to corporate globalization / _cedited by Veronika Bennholdt-Thomsen, Nicholas G. Faraclas and Claudia von Werlhof. |
| 260 |
_aVictoria, Australia : _bSpinifex Press ; _aLondon ; _aNew York : _bZed Books ; _aNew York : _bDistributed in the USA exclusivey by Palgrave,2001 _c2001. |
||
| 300 |
_axv, 240 p. ; _c22 cm. |
||
| 500 | _adistributer: Al-Ahram | ||
| 504 | _aIncludes bibliographical references and index. | ||
| 511 | _acatalogued by: wessam | ||
| 650 | 0 |
_aInternational business enterprises _xSocial aspects. |
|
| 650 | 0 |
_aGlobalization _xSocial aspects. |
|
| 650 | 0 |
_aGlobalization _xEconomic aspects. |
|
| 650 | 0 | _aSubsistence economy. | |
| 650 | 0 | _aSustainable development. | |
| 650 | 0 |
_aSubsistence economy _zDeveloping countries. |
|
| 650 | 0 |
_aSustainable development _zDeveloping countries. |
|
| 651 | 0 |
_aDeveloping countries _xEconomic conditions |
|
| 700 | 1 | _aBennholdt-Thomsen, Veronika. | |
| 700 | 1 | _aFaraclas, Nicholas. | |
| 700 | 1 |
_aWerlhof, Claudia von, _d1943- |
|
| 856 | 4 | 2 |
_3Contributor biographical information _uhttp://www.loc.gov/catdir/bios/hol058/2001045295.html |
| 856 | 4 | 2 |
_3Publisher description _uhttp://www.loc.gov/catdir/description/hol052/2001045295.html |
| 856 | 4 | 2 |
_3Table of contents _uhttp://www.loc.gov/catdir/toc/fy042/2001045295.html |
| 942 |
_cBB _k338.927091724BEN |
||
| 999 |
_c5337 _d5337 |
||